| 000 | 003910000a22001570004500 | ||
|---|---|---|---|
| 003 | LK-CoMWRAF | ||
| 008 | 230817t ||||| |||| 00| 0 eng d | ||
| 040 |
_aLK-CoMWRAF _dLK-CoMWRAF _eLK-CoMWRAF |
||
| 041 | _aeng | ||
| 082 |
_a500.5 _bDOC |
||
| 245 |
_aDocumentaion for the reproductive rights meeting _b |
||
| 260 |
_aGrables _bWLUML _c1993 |
||
| 300 | _ap. | ||
| 650 | _aWLUML | ||
| 942 | _cBK | ||
| 999 |
_c3005 _d3005 |
||